=LDR 00000nam 2200000 4500 =001 INLIS000000000033883 =005 20130612135820 =008 ***********************************ind** =035 ##$$0010-061300000033883 =041 ##$$a ind =082 ##$$a 001. 4 =090 ##$$a 001. 4, Rid m1 =100 ##$$a Ridwan =245 ##$$a Metode dan teknik menyusun peroposal penelitian ( untuk mahasiswa S1 , S2 dan S3 ), Dr. Ridwan, MBA., editor Drs. Zainal Arifin, Mt =260 ##$$a 2009 $b Bandung =300 ##$$a vi, 418 hlm, ilus, 2009 =650 ##$$a Penelitian metode =650 ##$$a Arifin, Zainal =850 ##$$a NBPNMAT